00962 2200313 4500001002100000005001500021035002000036007000300056008004100059020002200100082001600122084001800138100002900156245011000185250003100295300002900326650002500355700003000380264003200410336002100442337003000463338002300493040002200516090002200538850001200560504003200572999002200604990002200626INLIS00000000090288420260213015809 a0010-0226000720ta260213s2024 yoi g ind d a978-623-02-8900-204223a297.577 a297.577 URW m0 aUrwatul WusqoePengarang10aMengintip pendapat ulama klasik dan kontemporer soal adil dalam poligami /cUrwatul Wusqo, Farida Asy'ari aCetakan pertama, Juli 2024 axiv, 64 halaman ;c20 cm 4aPoligami dalam Islam0 aFarida Asy'ariePengarang31aSleman :bDeepublish,c2024 2rdacontentateks 2rdamediaatanpa perantara 2rdacarrieravolume aYOPDYOGbinderda aCB-D.11 2024-7480 aYOPDYOG aBibliografi : halaman 57-60 aCB-D.11/2024-7480 aCB-D.11/2024-7480